Library Logo

Pioneer International University Library Catalogue

Strategic planning for fund raising (Record no. 3580)

MARC details
000 -LEADER
fixed length control field 00323nam a22000977a 4500
005 - DATE AND TIME OF LATEST TRANSACTION
control field 20250901165419.0
008 - FIXED-LENGTH DATA ELEMENTS--GENERAL INFORMATION
fixed length control field 210325b ||||| |||| 00| 0 eng d
050 ## - LIBRARY OF CONGRESS CALL NUMBER
Classification number HG177 .L56 1992
245 ## - TITLE STATEMENT
Title Strategic planning for fund raising
Remainder of title how to bring in more money using strategic resource allocation
Statement of responsibility, etc. LINDAHL, WESLEY E.
942 ## - ADDED ENTRY ELEMENTS (KOHA)
Source of classification or shelving scheme Library of Congress Classification
Holdings
Withdrawn status Lost status Source of classification or shelving scheme Damaged status Not for loan Home library Current library Shelving location Date acquired Total checkouts Full call number Barcode Date last seen Price effective from Koha item type
    Library of Congress Classification     Main Library Main Library   03/25/2021   HG177 .L56 1992 PIU0006335 03/25/2021 03/25/2021 Books